000 005170000a22001570004500
003 MACL
005 20180225154045.0
008 180225b xxu||||| |||| 00| 0 eng d
040 _cmacl
100 _a सक्‍सेना, राजीव
_952705
245 _aसाहि‍त्‍य और समाज एक दष्‍टि‍कोण
260 _b सुभाष एण्‍ड सन्‍स
_c2004
350 _a200
650 _a लिटरेचर,
_970742
942 _cHIN
_k800/SAX/L
_2ddc
999 _c9333
_d9333